Стенограмма 2-го Заседания Пленарного 2-й Сессии ЦИК СССР 7-го созыва. /Утро/

Доступно только в Электронных читальных залах Найти на картеНа карте
RUSMARC
00004471nac2a22002893x 450
0010f12d2ec-1560-4d8f-82a2-5e5c6a8438ce
00520210716121859.0
100##$a20210612l1936 k y0rusy50 ca
1010#$arus
102##$aRU
105##$ay z |||||
1220#$ad19360111
2001#$aСтенограмма 2-го Заседания Пленарного 2-й Сессии ЦИК СССР 7-го созыва. /Утро/
$j11.01.1936
215##$a121 лист
251##$cДело
300##$aЗаголовок дела на папке: 2-я Сессия ЦИК Союза ССР 7-го Созыва. Стенограмма второго пленарного заседания 2-й Сессии ЦИК Союза ССР 7-го созыва. 11-1-1936 года (утреннее)
300##$aМашинописный текст
330##$aВходит в раздел описи: VII-й Съезд Советов. 2-я Сессия ЦИК СССР
461#0$1001796d4672-8a00-4986-b488-6e42273792cc
$12001
$aЦЕНТРАЛЬНЫЙ ИСПОЛНИТЕЛЬНЫЙ КОМИТЕТ СССР (ЦИК СССР)
$1251
$cФонд
$1852
$j3316
$gР
462#0$10012246e4af-064a-4b66-b386-cae0ddb7fb2d
$12001
$aДела 7-го Съезда Советов и 1-й, 2-й, 3-й, 4-й Сессий 7-го созыва. 1935-1937 гг.
$vД. 106
$1251
$cОпись
$1852
$j7
5171#$a2-я Сессия ЦИК Союза ССР 7-го Созыва. Стенограмма второго пленарного заседания 2-й Сессии ЦИК Союза ССР 7-го созыва. 11-1-1936 года (утреннее)
60101$3RU\NLR\AUTH\880357276
$aСССР
$bЦИК
60102$3RU\NLR\AUTH\880399376
$aСССР
$bЦИК
$bСозыв
$c7
$bСессия
$d2
60102$aСССР. ЦИК. Созыв (7). Сессия (2). Пленарное заседание (2)
801#0$aRU
$bGA_RF
801#1$aRU
$bГлавНИВЦ
$c20210612
$2rusmarc
801#2$aRU
$bПБ им. Б.Н. Ельцина
$c20210716
$gRCR
$2rusmarc
852##$aГА РФ
$j106
937##$d166249564
$hГАРФ
035##$aRuPRLIB51060476
856##$uhttp://readingroom.main.prlib.ru/item.aspx?id_node=n166249564&mode=full
Формат отображения